000 00730nam a2200205 u 4500
005 20241207063740.0
008 100617s2006 es r 000 0 spa d
020 _a8431681314
035 _aUPN01000176640
049 _aCG
050 4 _aPA6815 A5.3
_bL5.3
100 1 _aLively, Penelope
245 1 0 _aEn busca de una patria :
_bla historia de la Eneida /
_cPenelope Lively ; il. por Victor G. Ambrus ; introd. Stefano Baldini ; notas y actividades Manuel Otero : tr. Susana Camps.
260 _aBarcelona, Esp. :
_bVicens Vives,
_c2006.
300 _a189 p. :
_bil. col.
440 0 _aClásicos adaptados ;
_v7
600 0 4 _aVirgilio
_918119
650 4 _aLiteratura latina
_vTraducciones al español
_916178
905 _aLibro
999 _c148743
_d148743